Suomen 30 suurinta taajamaa - Statistics

Yleistilastot
  • Tätä visaa on pelattu 213 kertaa
  • Keskiarvotulos 25 / 30
Vastaustilastot
Taajaman asukasluku Taajama % Oikein
1 268 296 Helsinki
100%
334 112 Tampere
98%
200 400 Oulu
97%
272 230 Turku
97%
88 520 Kuopio
96%
84 190 Pori
96%
123 241 Jyväskylä
95%
119 068 Lahti
94%
67 670 Vaasa
94%
67 811 Joensuu
93%
55 743 Lappeenranta
93%
52 753 Rovaniemi
93%
49 952 Hämeenlinna
90%
49 992 Seinäjoki
90%
48 289 Kouvola
88%
36 705 Kokkola
87%
51 704 Kotka
87%
30 028 Kajaani
85%
36 876 Mikkeli
84%
38 235 Porvoo
84%
33 654 Rauma
84%
29 496 Salo
83%
21 897 Savonlinna
78%
28 184 Imatra
75%
26 832 Kemi
75%
33 084 Lohja
70%
43 461 Hyvinkää
67%
27 964 Riihimäki
67%
21 236 Forssa
40%
20 824 Pietarsaari
40%
Ehtoja vastaavia visoja ei löytynyt
Tulosjakauma
Jokaisen tuloksen saaneiden osuus
Persentiili vastausten määrän mukaan
Tuloshistoriasi
Et ole pelannut tätä visaa